Score 0/32 Timer 07:00
0 Plays Today
Population City % Correct
AAtlanta, GA
94.3%
AAugusta, GA
86.8%
TTampa, FL
84.2%
AAlbany, GA
82.9%
AAlbany, NY
82.9%
SSyracuse, NY
76.7%
TTallahassee, FL
73.6%
SSavannah, GA
71.8%
SSt. Petersburg, FL
69%
TTrenton, NJ
68.5%
AAlexandria, VA
65.6%
AAthens, GA
65.1%
EElizabeth, NJ
63.8%
SSpringfield, MA
62.8%
SStamford, CT
54.5%
AAsheville, NC
50.9%
Population City % Correct
EEast Providence, RI
40.1%
EEast Hartford, CT
33.6%
EEast Orange, NJ
33.1%
TTroy, NY
30.5%
SSuffolk, VA
30%
SSandy Springs, GA
26.4%
TTaunton, MA
26.1%
EEast Haven, CT
23.8%
EElmira, NY
22.7%
AAlpharetta, GA
17.8%
SSunrise, FL
15.8%
EEverett, MA
15.8%
TTitusville, FL
15.2%
TTamarac, FL
11.4%
EEast Point, GA
11.1%
TTrumbull, CT
8.5%

You're not logged in!

Compare scores with friends on all Sporcle quizzes.
OR
Log In

Sporcle TV

Today on Sporcle TV


Watch our educational content, quiz creation guides, and fun videos on Sporcle TV.

Show Comments

Extras

Top Quizzes Today


Score Distribution

Paid Content

Your Account Isn't Verified!

In order to create a playlist on Sporcle, you need to verify the email address you used during registration. Go to your Sporcle Settings to finish the process.

Report this User

Report this user for behavior that violates our Community Guidelines.

Details: